Stranger In My Own Land : (Record no. 1848312)

MARC details
000 -LEADER
fixed length control field 00460 a2200169 4500
005 - DATE AND TIME OF LATEST TRANSACTION
control field 20260427165232.0
008 - FIXED-LENGTH DATA ELEMENTS--GENERAL INFORMATION
fixed length control field 260427b |||||||| |||| 00| 0 eng d
020 ## - INTERNATIONAL STANDARD BOOK NUMBER
International Standard Book Number 9789392018664
040 ## - CATALOGING SOURCE
Transcribing agency SDCL
041 ## - LANGUAGE CODE
Source of code eng
Language code of text/sound track or separate title eng
084 ## - COLON CLASSIFICATION NUMBER
Classification number O-,6NKF:g(Q7) R2 LR
100 ## - MAIN ENTRY--PERSONAL NAME
Personal name Khan, Farid
245 ## - TITLE STATEMENT
Title Stranger In My Own Land :
Remainder of title A Muslim In India After 2014
260 ## - PUBLICATION, DISTRIBUTION, ETC.
Place of publication, distribution, etc. New Delhi :
Name of publisher, distributor, etc. LeftWord Books,
Date of publication, distribution, etc. 2025.
300 ## - PHYSICAL DESCRIPTION
Extent 158p.
942 ## - ADDED ENTRY ELEMENTS (KOHA)
Koha item type General Books
Source of classification or shelving scheme Colon Classification (CC)
100 ## - MAIN ENTRY--PERSONAL NAME
-- 1116046
999 ## -
-- 1848312
-- 1848312
Holdings
Withdrawn status Lost status Source of classification or shelving scheme Damaged status Not for loan Home library Current library Date acquired Source of acquisition Cost, normal purchase price Inventory number Total checkouts Full call number Barcode Date last seen Cost, replacement price Price effective from Koha item type
    Colon Classification (CC)     South Campus Library South Campus Library 2026-04-20 84 240.00 4454 & 29-01-2026   O-,6NKF:g(Q7) R2 LR SC1809556 2026-04-20 300.00 2026-04-20 General Books
Copyright @ Delhi University Library System